Ján Levoslav Bella sborník prác o jeho živote a diele

Bibliographic Details
Format: Book
Language:Slovak
PhysicalDescription:71, [1] s. faksimile, fotografie 22 cm
Published: Martin [vydavateľ nie je známy] 1928
Subjects:

MARC

LEADER 00000cam a2200000 a 4500
001 vtls008376071
003 SK-MaSNL
005 20260301204946.0
008 011010s1928 xo ho grn2 000 0 slo
015 |a SNBA19191938-000459 
020 |q (brož.) 
035 |a SK01SNKBSKHR20010068288 
035 |a SKM000070751 
040 |a SNK  |b slo  |c SNK  |e AACR2 
041 0 |a slo 
044 |a xo  |c SK 
072 7 |a 78.07  |x Hudobníci, skladatelia a iné hudobné povolania  |2 konspekt 
080 |a 78.071.1-055.1  |2 2011 
080 |a (04)  |2 2011 
080 |a (082)  |2 2011 
245 0 0 |a Ján Levoslav Bella  |b sborník prác o jeho živote a diele  |c red. Ivan Ballo 
260 |a Martin  |b [vydavateľ nie je známy]  |c 1928  |e Martin  |f Kníhtlačiarsky účastinársky spolok 
300 |a 71, [1] s.  |b faksimile, fotografie  |c 22 cm 
500 |a Odtlačok zo Slov. pohľadov, r. 44, č. 11. 1928 
504 |a Obsahuje bibliografické odkazy 
600 1 7 |a Bella, Ján Levoslav,  |d 1843-1936  |2 SNKMA  |9 105955 
650 0 7 |a hudobní skladatelia  |2 SNKPH  |9 3188 
655 7 |a separáty  |2 SNKPH  |9 70334 
655 7 |a zborníky  |2 SNKPH  |9 70165 
700 1 |a Ballo, Ivan,  |d 1909-1977  |4 pfr  |9 62307 
787 0 8 |i Separátny výtlačok z:  |t Slovenské pohľady  |g Roč. 44., číslo 11. (1928) 
852 |a Slovenská národná knižnica 
954 |a odborná, vedecká literatúra pôvodná (slovenská)  |2 lita 
958 |a OND 
958 |a NB 
999 |c 908366  |d 910296 
952 |a SNK  |b SNK  |y VYP  |7 0  |p 17A0530280  |o snkSC 586 D3  |i snkKSF 5946/57  |8 5  |0 0  |1 0  |4 0  |d 2006-11-23  |l 0  |r 2026-02-24 07:35:58  |w 2026-02-24 
952 |a SNK  |b SNK  |y VYP  |7 0  |p 17A0504876  |o snkSC 586 D2  |i snkF 482/64  |0 0  |1 0  |4 0  |d 2011-09-09  |l 0  |r 2026-02-24 07:35:58  |w 2026-02-24 
952 |a SNK  |b SNK  |y PREZ  |7 0  |p 17A0592954  |o snkSC 586  |i snkF 604/62  |8 5  |0 0  |1 0  |4 0  |d 1996-09-05  |f 1  |l 0  |r 2005-01-01 00:00:00  |w 2026-02-24 
952 |a SNK  |b SNK  |y VYP  |7 0  |p 17A0317704  |o snkSC 586 D1  |i snk213/29  |8 5  |0 0  |1 0  |4 0  |d 1996-09-05  |l 0  |r 2005-01-01 00:00:00  |w 2026-02-24